Strzelcy bramek w 6 kolejce Premier League w sezonie 2020/21 - Statystyki

Ogólne statystyki
  • Ten quiz został rozwiązany 25 razy
  • Średni wynik to 10 z 19
Statystyki odpowiedzi
Mecz Piłkarz % Poprawnych
Aston Villa - Leeds 0:1 Bamford
92%
Aston Villa - Leeds 0:2 Bamford
92%
Aston Villa - Leeds 0:3 Bamford
92%
Burnley - Tottenham 0:1 Son
88%
Liverpool - Sheffield Utd 1:1 Firmino
79%
Arsenal - Leicester 0:1 Vardy
79%
West Ham - Manchester City 1:0 Antonio
75%
Wolves - Newcastle 1:0 Jimenez
75%
Fulham - Crystal Palace 0:2 Zaha
71%
Liverpool - Sheffield Utd 2:1 Jota
67%
West Ham - Manchester City 1:1 Foden
58%
Southampton - Everton 1:0 Ward-Prowse
46%
Southampton - Everton 2:0 Adams
38%
Liverpool - Sheffield Utd 0:1 Berge
21%
Fulham - Crystal Palace 1:2 Cairney
13%
Wolves - Newcastle 1:1 Murphy
13%
Fulham - Crystal Palace 0:1 Riedewald
8%
Brighton - West Brom 1:0 (bramka samobójcza) Livermore
4%
Brighton - West Brom 1:1 Ahearne-Grant
0%
Nie znaleziono quizów pasujących do podanych kryteriów
Rozkład punktacji
Procent ludzi z każdym wynikiem
Percentyl według liczby udzielonych odpowiedzi
Twoja historia wyników
Nie rozwiązałeś tego quizu